000 00734nam a2200289Ia 4500
005 20260324113451.0
008 008 260324s9999 xx 000 0 eng d
020 _a9781003374824
037 _aEBOOK
040 _aCRL
040 _beng
040 _cCRL
041 _2eng
041 _aeng
084 _qCRL
100 _aMichael Lecker
_91146888
245 0 _aStudies on the Life of Muhammad and the Dawn of Islam
245 0 _bIdol Worshippers, Christians and Jews in Pre- and Early Islam
260 _bTaylor and Francis
260 _c2023
365 _a
365 _b220
856 _uhttp://www.taylorfrancis.com/books/9781003374824
942 _cEBOOK
999 _c1736556
_d1736556